• 首页
  • 本馆介绍
  • 公告通知
  • 最新文献
  • 馆藏检索
  • 电子资源
  • 读者导购
  • 参考咨询
  • 我的图书馆
  • 登录
  • 详细信息显示
  • 放入我的书架
  • 预约/预借图书
  • 作者相关作品
  • 分类相关作品
  • 丛书相关作品
  • 出版社相关作品

书目信息

  • 表格格式
  • 工作单格式
  • 卡片格式
题名:
电机制造工艺学
    
 
作者: 龚垌
分册:  
出版信息: 北京   机械工业出版社  1984.11
页数: 387页
开本: 19cm
丛书名:
单 册:
中图分类: TM11
科图分类:
主题词: 电工单位 , 电工--计算
电子资源:
ISBN: 7-111-00891-x
000 00540nam0 2200205 45
001 0308271083
005 20030827104458.1
010    @a7-111-00891-x@dRMB3.10
100    @a20030827d1984 km y0chiy0120 ea
101    @achi
105    @a z 000yy
200 1  @a电机制造工艺学@Adian ji zhi zao gong yi xue@f龚垌@Fgong tong
210    @a北京@c机械工业出版社@d1984.11
215    @a387页@c无图表@d19cm
606 0  @a电工单位
606 0  @a电工@x计算
690    @aTM11@v3
701  0 @a龚垌
801    @aCN@b@c20030827
905    @aBZT@dTM11@e103
    
    电机制造工艺学/龚垌.-北京:机械工业出版社,1984.11
    387页:无图表;19cm
    
    
    ISBN 7-111-00891-x:RMB3.10
    
●
相关链接 在五车中查询图书 在当当中查询图书 在豆瓣中查询图书


正题名:电机制造工艺学     索取号:TM11/103         预约/预借

序号 登录号 条形码 馆藏地/架位号 状态 备注
1 2414   200252617   中心书库中库/ 中库029架B面3列6层52/ [索取号:TM11/103] 在馆    
2 2415   200252626   中心书库中库/ 中库029架B面3列6层51/ [索取号:TM11/103] 在馆    
山东省滨州职业学院图书馆 欢迎您!
大连网信软件有限公司© 版权所有